000 01108nam a22002537a 4500
005 20170124102940.0
010 _aA-676926
020 _c100.00
_a8171191282
035 _aA-676926
037 _bCen Lib/Ret
040 _aDPL
_bHN
082 _a821.08
_bश्रोत्रिय
100 _aश्रोत्रिय, प्रभाकर
_942542
245 _aकालयात्री है कविता /
_cप्रभाकर श्रोत्रिय
246 _aKaalyatri hai kavita /
_bby Prabhakar Shrotriya
260 _aनयी दिल्ली
_bराधाकृष्ण प्रकाशन
_c1993
270 _a2/३८, अंसारी रोड , दरिया गंज
_bनयी दिल्ली
_e110002
300 _a135पृ.
_c21सेमी (सजिल्द)
650 _aहिन्दी साहित्य
_948183
650 _aहिन्दी कविता
_9779
650 _aHindi literature
_948184
650 _aHindi poetry
_948185
942 _2ddc
_cHN
_h821.08
_mश्रोत्रिय
999 _c112560
_d112560